[Event "Kiel op 35th"]
[Site "Kiel"]
[Date "2023.07.30"]
[Round "4"]
[White "Ahrens, Gunnar"]
[Black "Basey, Matthew"]
[Result "0-1"]
[WhiteElo "1661"]
[BlackElo "2002"]
[PlyCount "96"]
[EventDate "2023.07.29"]
[EventType "swiss"]
[EventRounds "9"]
[EventCountry "GER"]
[SourceTitle "CBM 215 Extra"]
[Source "ChessBase"]
[SourceDate "2023.09.30"]
[SourceVersion "1"]
[SourceVersionDate "2023.09.30"]
[SourceQuality "1"]

1. f4 d5 2. Nf3 e6 3. e3 Bd6 4. b3 c5 5. Bb2 f6 6. Bb5+ Bd7 7. Be2 Nc6 8. 0-0 Nge7 9. g3 0-0 10. Na3 a6 11. c4 Qa5 12. Nc2 b5 13. Bc3 Qb6 14. d4 b4 15. dxc5 Bxc5 16. Bd4 Rfd8 17. Qe1 Be8 18. Qf2 Bg6 19. Bxc5 Qxc5 20. Ncd4 Qd6 21. Rac1 Nxd4 22. Nxd4 dxc4 23. Bxc4 Bf7 24. Qf3 Rac8 25. Rcd1 Qb6 26. f5 exf5 27. Bxf7+ Kxf7 28. Rde1 g6 29. g4 Rc5 30. gxf5 Nxf5 31. Qh3 Ng7 32. Rf2 Rg5+ 33. Rg2 Rdd5 34. Ree2 Nh5 35. Qf3 Qd6 36. Rxg5 Rxg5+ 37. Rg2 Rc5 38. Rf2 Ng7 39. Qb7+ Rc7 40. Qf3 f5 41. Kg2 Re7 42. Qh3 Kg8 43. Rd2 Ne8 44. Qh6 Nf6 45. Nf3 Qc7 46. Nd4 Ng4 47. Qh4 Nxe3+ 48. Kg1 Qc1+ 0-1

[Event "Kiel op 34th"]
[Site "Kiel"]
[Date "2022.08.02"]
[Round "6"]
[White "Boehme, Sebastian1111"]
[Black "Basey, Matthew"]
[Result "1-0"]
[WhiteElo "2168"]
[BlackElo "1991"]
[PlyCount "71"]
[EventDate "2022.07.30"]
[EventType "swiss"]
[EventRounds "9"]
[EventCountry "GER"]
[SourceTitle "CBM 209 Extra"]
[Source "ChessBase"]
[SourceDate "2022.09.30"]
[SourceVersion "1"]
[SourceVersionDate "2022.09.30"]
[SourceQuality "1"]

1. e4 c5 2. Nf3 d6 3. Bb5+ Bd7 4. Bxd7+ Qxd7 5. c4 Nf6 6. Nc3 Nc6 7. d4 cxd4 8. Nxd4 g6 9. f3 Bg7 10. Be3 0-0 11. 0-0 Rac8 12. b3 Nxd4 13. Bxd4 b6 14. a4 Qb7 15. Qd3 e6 16. a5 d5 17. cxd5 Rfd8 18. axb6 axb6 19. Rad1 Qb8 20. g3 h5 21. dxe6 fxe6 22. e5 Nd5 23. Nb5 Ne7 24. Nd6 Rc6 25. Qe4 Rc7 26. g4 Rcd7 27. Rc1 Rxd6 28. exd6 Qxd6 29. Bxg7 Kxg7 30. gxh5 Rh8 31. Rfd1 Qa3 32. Qe5+ Kh7 33. Qxe6 gxh5 34. Qf7+ Kh6 35. Rc6+ Kg5 36. Qf6# 1-0